Das 21. Jahrhundert Quiz - Statistiken

Allgemein
  • Dieses Quiz wurde 50.298 mal gespielt
    40.744 seit der letzten Aktualisierung
  • Das Durchschnittsergebnis liegt bei 14 aus 21
Antwortstatistiken
Jahr Beschreibung Antwort % Korrekt
2022 Russland überfällt diesen souveränen Staat Ukraine
100%
2005 Sie wird die erste Kanzlerin Deutschlands Angela Merkel
91%
2016 Dieses Land entscheidet sich dazu, die Europäische Union zu verlassen Vereinigtes Königreich
91%
2008 Diese Person wird zum ersten afro-amerikanischen Präsidenten der USA gewählt Barack Obama
89%
2013 - heute Deutschland nimmt mehr als 600'000 Flüchtlinge aus diesem kriegsgeplagten Land auf Syrien
84%
2021 Die USA und ihre Verbündeten verlassen dieses kriegsgebeutelte Land unter chaotischen Umständen Afghanistan
82%
2009 Dieser Sprinter verbessert den Weltrekord über 100 Meter auf 9,58 Sekunden Usain Bolt
81%
2019 Dieses Pariser Wahrzeichen wird durch einen Brand arg beschädigt Notre-Dame
78%
2003 Die USA fallen auf der Suche nach (nicht existierenden) Massenvernichtungswaffen in dieses Land ein Irak
74%
2004 Diese Art von Naturkatastrophe tötet mehr als 200'000 Menschen in 14 Ländern Tsunami
72%
2015 195 Staaten vereinbaren in dieser Stadt, die Klimaemissionen zu senken (Nur sehr wenige jedoch erfüllen dieses Ziel) Paris
65%
2004 Diese Webseite wird in einem Schlafsaal der Uni Harvard gegründet Facebook
64%
2019 Die COVID-19-Pandemie bricht in dieser chinesischen Stadt aus Wuhan
64%
2001 Diese Organisation lanciert die Terroranschläge vom 11. September Al-Kaida
61%
2014-15 Ein Ausbruch dieser Krankheit tötet mehr als 10'000 Menschen in Westafrika Ebola
59%
2012 Dieser Mann übernimmt die Macht in China, womit eine Ära von verstärkter Überwachung und Verfolgung von ethnischen Minderheiten beginnt Xi Jinping
52%
2008 Dieser Schwimmer gewinnt 8 Goldmedaillen bei den Sommerspielen Michael Phelps
48%
2011 Diese internationale Protestbewegung führt zum Sturz der Regierungen von Ägypten, Jemen, Libyen und Tunesien {Arabischer} Frühling
46%
2001 Dieses Land erlaubte als erstes weltweit gleichgeschlechtliche Ehen Niederlande
40%
2011 Diese afrikanische Nation wird zum 193. Mitglied der Vereinten Nationen Südsudan
32%
2005 Dieser Zwergplanet, 27% größer als Pluto, wird entdeckt und nach der griechischen Göttin der Zwietracht benannt Eris
12%
Keine übereinstimmenden Quizze gefunden
Verteilung der Resultate
Anzahl Personen mit jedem Resultat
Perzentil nach korrekt beantworteten Fragen
Ihre Resultats-Entwicklung
Sie haben dieses Quiz seit der letzten Aktualisierung nicht gespielt